| 000 | 00765nam a2200241 a 4500 | ||
|---|---|---|---|
| 999 |
_c12108 _d12108 |
||
| 001 | 12108 | ||
| 003 | BD-JhCC | ||
| 005 | 20210315112913.0 | ||
| 008 | 210315b2018 bg a|||| ||a| 000 0 mul d | ||
| 020 | _a9789845261869 | ||
| 035 | _a(BD-JhCC)12108 | ||
| 040 |
_aBD-JhCC _dBD-JhCC |
||
| 041 | _aMul | ||
| 082 |
_a954.1 _bJAH 2018 |
||
| 100 | _aজাহিদ,সুরমা | ||
| 245 |
_aবীরাঙ্গনা সমগ্র / _cসুরমা জাহিদ । |
||
| 260 |
_aঢাকা: _bঅনিন্দ্য প্রকাশ; _c২০১৮. |
||
| 300 |
_a368 p. : _bill; _c24 cm |
||
| 500 | _a(তৃতীয় খন্ড,চতুর্থ খন্ড) | ||
| 650 |
_aBirangona _zBangladesh |
||
| 942 |
_2ddc _cBK |
||